| 000 | 00814cab a2200241 4500 | ||
|---|---|---|---|
| 001 | ABS42611 | ||
| 008 | 090401t1990 xxu||||| |||| 00| 0 eng d | ||
| 035 | _a(Sirsi) u37846 | ||
| 041 | _aeng | ||
| 100 | _aMilne, R. | ||
| 245 | _aStill no light for regions at this end of the tunnel | ||
| 260 | _c1990 | ||
| 350 | _a0 | ||
| 490 |
_aPlanning (for the Natural and Built Environment) _v(864) 13 April 1990, 6-7(2) |
||
| 520 | _aReviews the latest report on the benefits of the Channel Tunnel ; this time produced for the RTPI and chiefly on the benefits for the regions . | ||
| 650 | _aEUROPE | ||
| 650 | _aFRANCE | ||
| 650 | _aRAILWAYS | ||
| 650 | _aPROPERTY-INFRASTRUCTURE-TRANSPORT INFRASTRUCTURE-ROAD INFRASTRUCTURE | ||
| 690 | _aTRANSPORT AND COMMUNICATIONS | ||
| 942 | _n0 | ||
| 948 | _c04/03/1997 | ||
| 999 |
_c24349 _d24349 |
||